[Event "16ème Open des Vins du Médoc"]
[Site "Naujac sur Mer ; France"]
[Date "2013.06.30"]
[Round "1.1"]
[White "Das, Arghyadip"]
[Black "Lorente Penalba, Diego"]
[Result "1-0"]
[WhiteElo "2493"]
[BlackElo "2182"]
[Annotator "Jean-Luc"]
[PlyCount "55"]
[EventDate "2012.??.??"]

1. e4 c5 2. Nc3 Nc6 3. Nge2 g6 4. d4 cxd4 5. Nxd4 Bg7 6. Be3 Nf6 7. Bc4 O-O 8.
Bb3 d6 9. f3 Bd7 10. Qd2 Qa5 11. O-O-O Rfc8 12. Kb1 Ne5 13. g4 b5 14. h4 Nc4
15. Bxc4 bxc4 16. h5 Rab8 17. Ka1 Bxg4 18. fxg4 Nxg4 19. Bg1 Ne5 20. Rh3 Nc6
21. hxg6 hxg6 22. Nxc6 Rxc6 23. Bd4 e5 24. Be3 Qb4 25. Rb1 Ra6 26. Bh6 Bh8 27.
Nd5 Qb7 28. Qg5 1-0

[Event "16ème Open des Vins du Médoc"]
[Site "Naujac sur Mer ; France"]
[Date "2013.06.30"]
[Round "1.2"]
[White "Thalwitzer, David"]
[Black "Zaragatski, Ilja"]
[Result "0-1"]
[WhiteElo "2174"]
[BlackElo "2486"]
[PlyCount "78"]
[EventDate "2012.??.??"]

1. e4 e5 2. Nf3 d6 3. d4 exd4 4. Nxd4 Nf6 5. Nc3 Be7 6. Bc4 O-O 7. Bb3 Na6 8.
O-O Nc5 9. Re1 Re8 10. h3 c6 11. Qf3 Nxb3 12. Nxb3 Nd7 13. Qg3 Ne5 14. Bh6 Ng6
15. Be3 Bh4 16. Qh2 Ne5 17. Nd4 Nc4 18. b3 Nxe3 19. Rxe3 Bf6 20. Rd1 Be5 21. f4
Bf6 22. Qg3 Qb6 23. e5 dxe5 24. fxe5 Be7 25. Kh1 Rd8 26. Red3 c5 27. Na4 Qa5
28. Ne2 Bf5 29. Rxd8+ Rxd8 30. Rxd8+ Qxd8 31. Nf4 Bxc2 32. Nc3 Bh4 33. Qg4 g6
34. Ncd5 Be4 35. Ne3 Qg5 36. Qc8+ Kg7 37. Nfd5 Qxe5 38. Nc7 Bc6 39. Nc4 Qe1+
0-1

[Event "16ème Open des Vins du Médoc"]
[Site "Naujac sur Mer ; France"]
[Date "2013.06.30"]
[Round "1.3"]
[White "Milchev, Nikolay"]
[Black "Roumegous, Marina"]
[Result "1-0"]
[WhiteElo "2433"]
[BlackElo "2154"]
[PlyCount "133"]
[EventDate "2012.??.??"]

1. e4 c6 2. d4 d5 3. exd5 cxd5 4. c4 Nf6 5. Nc3 e6 6. Nf3 Bb4 7. Qa4+ Nc6 8.
Ne5 Qa5 9. Qxa5 Bxa5 10. Nxc6 bxc6 11. Bd2 O-O 12. c5 e5 13. dxe5 Nd7 14. f4
Nxc5 15. Rc1 Bf5 16. Ne4 Bxd2+ 17. Nxd2 Ne6 18. g3 Rac8 19. Be2 Bh3 20. Kf2 g5
21. Rhg1 f6 22. exf6 Rxf6 23. Nf3 Bg4 24. Ba6 Rb8 25. Ne5 Rxb2+ 26. Ke1 Nd4 27.
Nxg4 Re6+ 28. Kf1 c5 29. Rg2 Rxg2 30. Kxg2 Rxa6 31. Rxc5 Rxa2+ 32. Kh3 gxf4 33.
Rxd5 Ne6 34. Nf6+ Kf7 35. Nxh7 fxg3 36. hxg3 Kg6 37. Rd6 Kxh7 38. Rxe6 a5 39.
Kh4 a4 40. Kg5 Kg7 41. Re7+ Kf8 42. Ra7 a3 43. g4 Ra1 44. Kf6 Rf1+ 45. Kg6 Ra1
46. g5 a2 47. Rf7+ Ke8 48. Rf2 Ke7 49. Re2+ Kf8 50. Rh2 Ke7 51. Kh6 Kf8 52.
Rf2+ Ke7 53. Kg6 Ke6 54. Rh2 Ke7 55. Re2+ Kf8 56. Rg2 Ke7 57. Kg7 Ke8 58. g6
Ke7 59. Rh2 Ke8 60. Kh7 Ke7 61. g7 Rg1 62. Rxa2 Rh1+ 63. Kg8 Rb1 64. Rh2 Rg1
65. Kh8 Kf7 66. Rf2+ Ke7 67. g8=Q 1-0

[Event "16ème Open des Vins du Médoc"]
[Site "Naujac sur Mer ; France"]
[Date "2013.06.30"]
[Round "1.4"]
[White "Kramer, Julian"]
[Black "Velten, Paul"]
[Result "0-1"]
[WhiteElo "2133"]
[BlackElo "2422"]
[PlyCount "82"]
[EventDate "2012.??.??"]

1. e4 e6 2. d4 d5 3. e5 c5 4. c3 Nc6 5. Nf3 Qb6 6. a3 Nh6 7. b4 cxd4 8. cxd4
Nf5 9. Bb2 Bd7 10. Nc3 h5 11. Na4 Qd8 12. Nc5 Bxc5 13. dxc5 Nce7 14. Bd3 b6 15.
Rc1 Rc8 16. cxb6 Rxc1 17. Qxc1 Qxb6 18. O-O Bb5 19. Bxb5+ Qxb5 20. Nd4 Qb7 21.
Nxf5 Nxf5 22. Qc5 Kd7 23. b5 Rc8 24. Qb4 Ke8 25. Rc1 Rxc1+ 26. Bxc1 Qc7 27. Bb2
d4 28. g3 Qxe5 29. a4 Qd5 30. a5 d3 31. Bc3 Nd6 32. b6 a6 33. f3 Kd7 34. Kf2 e5
35. Bd2 f6 36. g4 h4 37. Be3 Qc4 38. Qb2 Qc2+ 39. Qxc2 dxc2 40. g5 Nc4 41. gxf6
Nxe3 0-1

[Event "16ème Open des Vins du Médoc"]
[Site "Naujac sur Mer ; France"]
[Date "2013.06.30"]
[Round "1.5"]
[White "Van Delft, Merijn"]
[Black "Deslias, Gregoire"]
[Result "1-0"]
[WhiteElo "2411"]
[BlackElo "2132"]
[PlyCount "63"]
[EventDate "2012.??.??"]

1. e4 e5 2. Nf3 Nc6 3. Bb5 a6 4. Ba4 Nf6 5. O-O Be7 6. d3 b5 7. Bb3 d6 8. a3
Bg4 9. c3 Na5 10. Ba2 c5 11. Nbd2 O-O 12. Re1 Qc7 13. b4 cxb4 14. cxb4 Nc6 15.
Bb2 a5 16. bxa5 Nxa5 17. Nf1 Nb7 18. Ne3 Be6 19. Rc1 Qb6 20. Nf5 Bxa2 21. Nxe7+
Kh8 22. d4 Na5 23. dxe5 dxe5 24. Nxe5 Qe6 25. Nf5 Nc4 26. Rxc4 bxc4 27. Nxg7
Qb6 28. Bd4 Qb3 29. Nh5 Qxd1 30. Rxd1 Nxh5 31. Nxf7+ Kg8 32. Nh6# 1-0

[Event "16ème Open des Vins du Médoc"]
[Site "Naujac sur Mer ; France"]
[Date "2013.06.30"]
[Round "1.6"]
[White "Resnjanskij, Denis"]
[Black "Mladenov, Plamen"]
[Result "0-1"]
[WhiteElo "2130"]
[BlackElo "2405"]
[PlyCount "68"]
[EventDate "2012.??.??"]

1. d4 e6 2. Nf3 c5 3. g3 b6 4. Bg2 Bb7 5. c3 Nf6 6. O-O Be7 7. Nbd2 O-O 8. Ne5
Bxg2 9. Kxg2 cxd4 10. cxd4 Qc8 11. Ndf3 d6 12. Nd3 Nbd7 13. Bg5 h6 14. Bxf6
Nxf6 15. Qb3 Qb7 16. Kg1 Qe4 17. Qd1 g5 18. e3 g4 19. Nfe1 Nh7 20. Qe2 Ng5 21.
f3 gxf3 22. Nxf3 Rac8 23. Nxg5 Bxg5 24. Rf3 Rc2 25. Nf2 Rxe2 26. Nxe4 Bxe3+ 27.
Kf1 Rxh2 28. Rd1 Rh1+ 29. Ke2 Rxd1 30. Kxd1 Bxd4 31. Nxd6 Bxb2 32. Ke2 Be5 33.
Nc4 Bd4 34. Rd3 Rd8 0-1

[Event "16ème Open des Vins du Médoc"]
[Site "Naujac sur Mer ; France"]
[Date "2013.06.30"]
[Round "1.7"]
[White "Collas, Didier"]
[Black "Redon, Bruno"]
[Result "1-0"]
[WhiteElo "2394"]
[BlackElo "2126"]
[PlyCount "47"]
[EventDate "2012.??.??"]

1. d4 Nf6 2. Nf3 g6 3. Nbd2 Bg7 4. e4 O-O 5. c3 d5 6. e5 Ne8 7. Bd3 c5 8. b4
cxb4 9. cxb4 Qb6 10. b5 Bg4 11. O-O Nc7 12. a4 Ne6 13. a5 Qc7 14. h3 Bh5 15.
Re1 g5 16. Bxh7+ Kxh7 17. Nxg5+ Nxg5 18. Qxh5+ Bh6 19. h4 Nh3+ 20. gxh3 Qc2 21.
Ne4 Rg8+ 22. Ng5+ Kg7 23. Qxf7+ Kh8 24. Qxd5 1-0

[Event "16ème Open des Vins du Médoc"]
[Site "Naujac sur Mer ; France"]
[Date "2013.06.30"]
[Round "1.8"]
[White "Roth, Josef"]
[Black "Wohl, Aleksandar H"]
[Result "0-1"]
[WhiteElo "2109"]
[BlackElo "2369"]
[PlyCount "60"]
[EventDate "2012.??.??"]

1. e4 e5 2. Nf3 Nc6 3. Bb5 Nge7 4. O-O g6 5. c3 a6 6. Ba4 Bg7 7. d4 exd4 8.
cxd4 b5 9. Bb3 O-O 10. a4 b4 11. a5 d6 12. h3 h6 13. d5 Na7 14. Nbd2 Nb5 15.
Nc4 g5 16. Be3 Ng6 17. Qd2 Re8 18. Qd3 Qf6 19. Bd2 Nf4 20. Bxf4 Qxf4 21. Rfe1
Bd7 22. Bc2 Re7 23. g3 Qf6 24. e5 dxe5 25. Qh7+ Kf8 26. Nfxe5 Bxh3 27. Re3 Nd4
28. Bd3 Rae8 29. Rd1 Rxe5 30. Nxe5 Rxe5 0-1

[Event "16ème Open des Vins du Médoc"]
[Site "Naujac sur Mer ; France"]
[Date "2013.06.30"]
[Round "1.10"]
[White "Helie, Marc"]
[Black "Favarel, Antoine"]
[Result "0-1"]
[WhiteElo "2074"]
[BlackElo "2347"]
[PlyCount "94"]
[EventDate "2012.??.??"]

1. e4 c5 2. Nf3 Nc6 3. d4 cxd4 4. Nxd4 g6 5. c4 Nf6 6. Nc3 d6 7. Nc2 Bg7 8. Be2
O-O 9. O-O Nd7 10. Bd2 a5 11. Rb1 Nc5 12. f3 f5 13. Ne3 fxe4 14. fxe4 Rxf1+ 15.
Bxf1 Ne5 16. Be2 Bd7 17. Ned5 e6 18. Nf4 Qe7 19. Be3 Bc6 20. Qc2 Rf8 21. Rf1
Bh6 22. b3 Rf6 23. g3 g5 24. Ng2 Rxf1+ 25. Bxf1 Qf6 26. Be2 Bg7 27. Ne1 Nf7 28.
Bd2 Qd4+ 29. Kf1 Bxe4 30. Qc1 Bc6 31. Nb5 Bxb5 32. cxb5 Qf6+ 33. Kg1 b6 34. Be3
h6 35. Nd3 Kf8 36. Nxc5 dxc5 37. Bh5 Qc3 38. Qxc3 Bxc3 39. h4 Bd4 40. Kf2 Nd6
41. hxg5 hxg5 42. a4 Nf5 43. Bxd4 cxd4 44. Be2 Ke7 45. Kf3 Nd6 46. Kg4 Kf6 47.
Bd3 Nb7 0-1

[Event "16ème Open des Vins du Médoc"]
[Site "Naujac sur Mer ; France"]
[Date "2013.07.01"]
[Round "2.1"]
[White "Wohl, Aleksandar H"]
[Black "Das, Arghyadip"]
[Result "0-1"]
[WhiteElo "2369"]
[BlackElo "2493"]
[PlyCount "116"]
[EventDate "2012.??.??"]

1. c4 e6 2. Nf3 d5 3. cxd5 exd5 4. g3 Nf6 5. Bg2 Be7 6. O-O O-O 7. d3 c5 8. Bg5
Nbd7 9. Qc2 h6 10. Bd2 b5 11. e4 Bb7 12. e5 Ne8 13. d4 c4 14. Nc3 Nc7 15. h4
Nb6 16. Ne2 a5 17. Nh2 Bc8 18. f4 f5 19. exf6 Bxf6 20. f5 Ne8 21. Rf4 Nd6 22.
Raf1 Re8 23. Bc1 b4 24. Ng4 Ba6 25. R1f2 Rc8 26. Nxf6+ Qxf6 27. Rg4 b3 28. Qd2
bxa2 29. Qxa5 Rxe2 30. Rxe2 Qxf5 31. Bh3 Qb1 32. Qd2 Nf5 33. Re7 Rc6 34. Re8+
Kf7 35. Re1 a1=Q 36. Rf4 Qd3 37. Rxf5+ Kg8 38. Qf4 Rc8 39. Rf7 Qg6 40. Bxc8
Nxc8 41. Rf8+ Kh7 42. Bd2 Qa4 43. Kh2 Qd7 44. Re5 Nd6 45. h5 Qgg4 46. Qe3 Ne4
47. Be1 c3 48. bxc3 Qd6 49. Rf4 Qe2+ 50. Qxe2 Bxe2 51. g4 Qd7 52. Rexe4 dxe4
53. Rxe4 Bxg4 54. Bg3 Bxh5 55. Re3 Qf7 56. Kg1 Bg4 57. Be5 h5 58. Bd6 Qd5 0-1

[Event "16ème Open des Vins du Médoc"]
[Site "Naujac sur Mer ; France"]
[Date "2013.07.01"]
[Round "2.2"]
[White "Zaragatski, Ilja"]
[Black "Godard, Maxence"]
[Result "1/2-1/2"]
[WhiteElo "2486"]
[BlackElo "2348"]
[PlyCount "87"]
[EventDate "2012.??.??"]

1. c4 e5 2. Nc3 Nc6 3. Nf3 g6 4. d4 exd4 5. Nxd4 Bg7 6. Nxc6 bxc6 7. g3 Nf6 8.
Bg2 O-O 9. O-O Bb7 10. Qb3 Qc8 11. Rd1 d6 12. Be3 Re8 13. Bd4 Nd7 14. Rac1 Bxd4
15. Rxd4 Rb8 16. Qc2 c5 17. Bxb7 Qxb7 18. Rd2 Nf6 19. f3 Re3 20. Nd1 Re6 21. e4
Nd7 22. Kg2 {(=)} Ne5 23. b3 Rf8 24. Nc3 f5 25. Nd5 Nc6 26. exf5 Rxf5 27. Qc3
Nd4 28. Rf1 c6 29. Ne3 Rf8 30. Nc2 Nf5 31. Rff2 Qe7 32. Qd3 Re8 33. Kf1 Qf6 34.
Rde2 Nd4 35. Rxe6 Rxe6 36. Nxd4 cxd4 37. Re2 c5 38. Kf2 Qe7 39. Rxe6 Qxe6 40.
Qd2 Qh3 41. Kg1 Qe6 42. Kf2 Qh3 43. Kg1 Qe6 44. Kf2 1/2-1/2

[Event "16ème Open des Vins du Médoc"]
[Site "Naujac sur Mer ; France"]
[Date "2013.07.01"]
[Round "2.3"]
[White "Favarel, Antoine"]
[Black "Milchev, Nikolay"]
[Result "0-1"]
[WhiteElo "2347"]
[BlackElo "2433"]
[PlyCount "60"]
[EventDate "2012.??.??"]

1. d4 Nf6 2. c4 c5 3. d5 b5 4. Qc2 bxc4 5. e4 e6 6. Bxc4 exd5 7. exd5 d6 8. Ne2
Nbd7 9. O-O Nb6 10. Rd1 Nxc4 11. Qxc4 Be7 12. b3 O-O 13. Na3 Re8 14. Bb2 Nd7
15. Qc2 Bf6 16. Bxf6 Nxf6 17. Nc3 Ba6 18. Qd2 Ne4 19. Qc2 Qh4 20. Ncb5 Re7 21.
Re1 Rae8 22. Re3 Nf6 23. Rxe7 Rxe7 24. Nxd6 Re2 25. Qf5 Qd4 26. Rb1 Qb4 27. Nc2
Qc3 28. Ne3 g6 29. Ne4 Re1+ 30. Nf1 Nxe4 0-1

[Event "16ème Open des Vins du Médoc"]
[Site "Naujac sur Mer ; France"]
[Date "2013.07.01"]
[Round "2.4"]
[White "Velten, Paul"]
[Black "Colpe, Malte"]
[Result "1/2-1/2"]
[WhiteElo "2422"]
[BlackElo "2305"]
[PlyCount "90"]
[EventDate "2012.??.??"]

1. Nf3 d5 2. g3 c6 3. Bg2 Bg4 4. O-O Nf6 5. c4 e6 6. d3 Nbd7 7. cxd5 exd5 8.
Nbd2 Be7 9. b3 O-O 10. Bb2 a5 11. h3 Bxf3 12. Nxf3 a4 13. Nd4 Re8 14. e4 axb3
15. axb3 Rxa1 16. Bxa1 Qb6 17. Nf5 Bf8 18. Kh2 g6 19. Ne3 dxe4 20. dxe4 Qc7 21.
Qc2 Bg7 22. f4 Qb6 23. Nc4 Qc5 24. b4 Qxb4 25. Rb1 Qc5 26. Rxb7 Rb8 27. Rxb8+
Nxb8 28. e5 Nd5 29. Qb3 Nd7 30. Nd6 Qf2 31. Ne4 Qa7 32. Bb2 Nc5 33. Nxc5 Qxc5
34. Ba3 Qa7 35. Bd6 Bf8 36. h4 Bxd6 37. exd6 Nf6 38. Bxc6 Qf2+ 39. Kh3 Qc5 40.
Qb8+ Kg7 41. Bf3 Qf5+ 42. Kg2 Qc2+ 43. Kh3 Qf5+ 44. Kg2 Qc2+ 45. Kh3 Qf5+
1/2-1/2

[Event "16ème Open des Vins du Médoc"]
[Site "Naujac sur Mer ; France"]
[Date "2013.07.01"]
[Round "2.5"]
[White "Bonn, Thomas"]
[Black "Van Delft, Merijn"]
[Result "0-1"]
[WhiteElo "2277"]
[BlackElo "2411"]
[PlyCount "106"]
[EventDate "2012.??.??"]

1. d4 d5 2. Nf3 Nf6 3. c4 c6 4. Qb3 e6 5. g3 Be7 6. Bg2 O-O 7. O-O Nbd7 8. Rd1
b6 9. Nc3 Ba6 10. cxd5 cxd5 11. Nb5 Bb7 12. Bf4 Ne4 13. Rac1 a6 14. Bc7 Qe8 15.
Nc3 b5 16. Nxe4 dxe4 17. Nd2 Bd5 18. Qe3 f5 19. f3 exf3 20. Bxf3 Bf6 21. Bd6
Rf7 22. Bc7 Rc8 23. h4 g6 24. Qd3 Bg7 25. Bf4 Nb6 26. e4 fxe4 27. Nxe4 Rxc1 28.
Rxc1 Qd8 29. Be5 Bc4 30. Qd1 Rd7 31. Bxg7 Kxg7 32. Qd2 Rxd4 33. Qf4 Nd7 34. h5
gxh5 35. Bxh5 e5 36. Qf5 Qe7 37. Re1 Be6 38. Qf2 Nf6 39. Nxf6 Qxf6 40. Qe3 Bc4
41. b3 Rd3 42. Qxe5 Qxe5 43. Rxe5 Kf6 44. Rc5 Bd5 45. Kf2 Ke6 46. Rc2 Be4 47.
Re2 Kd5 48. Bf7+ Kd4 49. Bh5 a5 50. Bg4 Bg6 51. Bd7 b4 52. g4 Kc3 53. Ke1 Rxd7
0-1

[Event "16ème Open des Vins du Médoc"]
[Site "Naujac sur Mer ; France"]
[Date "2013.07.01"]
[Round "2.6"]
[White "Mladenov, Plamen"]
[Black "Zierke, Oliver"]
[Result "1/2-1/2"]
[WhiteElo "2405"]
[BlackElo "2263"]
[PlyCount "101"]
[EventDate "2012.??.??"]

1. d4 d5 2. c4 e6 3. Nc3 c5 4. cxd5 exd5 5. Nf3 Nc6 6. g3 Nf6 7. Bg2 Be7 8. O-O
O-O 9. Bg5 c4 10. Ne5 Be6 11. b3 h6 12. Bxf6 Bxf6 13. Nxc6 bxc6 14. bxc4 dxc4
15. e3 Qa5 16. Rc1 Rac8 17. Qa4 Qxa4 18. Nxa4 Be7 19. Rb1 Rc7 20. Nc3 Rd8 21.
Rfc1 g6 22. Rc2 Kg7 23. a4 Rdd7 24. Kf1 h5 25. h4 Rd8 26. Ke2 Bg4+ 27. Ke1 Bf5
28. Be4 Be6 29. a5 f5 30. Bf3 f4 31. gxf4 Bxh4 32. Rcb2 Bc8 33. Rb4 Ba6 34. Rb8
Rxb8 35. Rxb8 Be7 36. Kd2 h4 37. Bg4 Rb7 38. Rxb7 Bxb7 39. f3 Bb4 40. e4 Bxa5
41. Kc2 Bxc3 42. Kxc3 a5 43. f5 a4 44. Kxc4 Ba6+ 45. Kb4 Bf1 46. fxg6 Kxg6 47.
Kxa4 h3 48. Bxh3 Bxh3 49. Kb4 Bg2 50. Kc5 Bxf3 51. Kxc6 1/2-1/2

[Event "16ème Open des Vins du Médoc"]
[Site "Naujac sur Mer ; France"]
[Date "2013.07.01"]
[Round "2.7"]
[White "Saenz Narciso, Miguel Angel"]
[Black "Collas, Didier"]
[Result "0-1"]
[WhiteElo "2196"]
[BlackElo "2394"]
[PlyCount "92"]
[EventDate "2012.??.??"]

1. e4 c6 2. Nc3 d5 3. Nf3 a6 4. d4 Bg4 5. Be2 e6 6. O-O Nf6 7. e5 Nfd7 8. Bg5
Be7 9. Bxe7 Qxe7 10. Re1 c5 11. dxc5 Nc6 12. Nd4 Bxe2 13. Ncxe2 Ndxe5 14. Nf4
O-O 15. b4 Qf6 16. Nh5 Qh4 17. Nxc6 Nxc6 18. c3 Rad8 19. Qf3 e5 20. Ng3 g6 21.
a4 e4 22. Qe3 Ne5 23. h3 f5 24. Qd4 Nc6 25. Qd1 f4 26. Nf1 Ne5 27. Ra2 f3 28.
Nh2 Qg5 29. g3 Qh5 30. Re3 Nc4 31. Qf1 Nxe3 32. fxe3 f2+ 33. Rxf2 Rxf2 34. Qxf2
Qxh3 35. Qf4 Rf8 36. Qe5 Rf5 37. Qb8+ Rf8 38. Qe5 Rf7 39. Qb8+ Kg7 40. Qe5+ Kh6
41. b5 axb5 42. axb5 Qf5 43. Qb8 Qf2+ 44. Kh1 Qe1+ 45. Kg2 Rf2+ 46. Kh3 Qh1 0-1

[Event "16ème Open des Vins du Médoc"]
[Site "Naujac sur Mer ; France"]
[Date "2013.07.01"]
[Round "2.8"]
[White "Behrhorst, Frank"]
[Black "Marie, Maxime"]
[Result "0-1"]
[WhiteElo "2281"]
[BlackElo "2214"]
[PlyCount "98"]
[EventDate "2012.??.??"]

1. d4 Nf6 2. c4 e6 3. Nf3 Bb4+ 4. Bd2 a5 5. g3 d5 6. Bg2 O-O 7. Qc2 c5 8. dxc5
d4 9. O-O Bxc5 10. Bg5 Nc6 11. Nbd2 Be7 12. Ne4 Nxe4 13. Bxe7 Qxe7 14. Qxe4 f5
15. Qc2 e5 16. Rad1 Be6 17. b3 Rad8 18. Ne1 e4 19. Qb2 Qc5 20. Kh1 Qb6 21. Qa3
Nb4 22. Qb2 Nc6 23. Qa3 Ne5 24. Nc2 d3 25. exd3 Nxd3 26. Kg1 Rfe8 27. Ne1 Nb4
28. Rxd8 Rxd8 29. Qb2 Qc5 30. Qe2 a4 31. Nf3 h6 32. Rc1 Bf7 33. Nd2 Nxa2 34.
Ra1 axb3 35. Nxb3 Qxc4 36. Qxc4 Bxc4 37. Na5 Bd5 38. Nxb7 Bxb7 39. Rxa2 Rd1+
40. Bf1 Bd5 41. Rc2 Kh7 42. Rc7 Kg6 43. Rc5 Kf6 44. Rc2 Ke5 45. Rc7 g5 46. Rc2
f4 47. gxf4+ gxf4 48. Kg2 e3+ 49. Kg1 Bc4 0-1

[Event "16ème Open des Vins du Médoc"]
[Site "Naujac sur Mer ; France"]
[Date "2013.07.01"]
[Round "2.9"]
[White "Purenne, Benoit"]
[Black "Lapeyre, Pierre"]
[Result "0-1"]
[WhiteElo "2223"]
[BlackElo "2033"]
[PlyCount "84"]
[EventDate "2012.??.??"]

1. d4 Nf6 2. c4 e6 3. Nc3 Bb4 4. Qc2 Nc6 5. Nf3 d6 6. Bg5 h6 7. Bh4 g5 8. Bg3
g4 9. Nh4 Nxd4 10. Qd3 Bxc3+ 11. Qxc3 e5 12. e3 Ne4 13. Qd3 Nxg3 14. hxg3 Nc6
15. Qb3 Bd7 16. Bd3 Qf6 17. Qxb7 Rb8 18. Qxc7 Rc8 19. Qb7 Rb8 20. Qa6 Nb4 21.
Qa3 Nxd3+ 22. Qxd3 Rxb2 23. O-O O-O 24. Qa3 Rfb8 25. Qxa7 Be6 26. Qc7 Rc8 27.
Qxd6 Rxc4 28. a4 Rcc2 29. Kh2 Rd2 30. Qc6 Kg7 31. a5 Rbc2 32. Qb6 Rb2 33. Qc6
Rbc2 34. Qe4 Rc4 35. Qb7 Bd5 36. Qb8 Rcc2 37. e4 Bxe4 38. Rfe1 Bxg2 39. Ra4 Bh3
40. Kh1 Rxf2 41. Qb6 Rh2+ 42. Kg1 Qxh4 0-1

[Event "16ème Open des Vins du Médoc"]
[Site "Naujac sur Mer ; France"]
[Date "2013.07.01"]
[Round "2.10"]
[White "Haverkamp, Klaus"]
[Black "Zobel, Andrej"]
[Result "0-1"]
[WhiteElo "2024"]
[BlackElo "2035"]
[PlyCount "84"]
[EventDate "2012.??.??"]

1. e4 e5 2. Nf3 Nc6 3. Bb5 a6 4. Ba4 Nf6 5. O-O Be7 6. Re1 b5 7. Bb3 d6 8. c3
O-O 9. d3 Na5 10. Bc2 c5 11. Nbd2 Nc6 12. Nf1 h6 13. a4 Bb7 14. Ne3 Re8 15. Nf5
Bf8 16. Qe2 d5 17. h3 d4 18. Nh2 Ne7 19. Nxe7+ Bxe7 20. f4 Nd7 21. Bb3 Bd6 22.
f5 Nf6 23. cxd4 exd4 24. Ng4 c4 25. Nxf6+ Qxf6 26. dxc4 Qe5 27. Qg4 h5 28. Qf3
Bxe4 29. Rxe4 Qxe4 30. Qxe4 Rxe4 31. axb5 Re1+ 32. Kf2 Rae8 33. Rxa6 Bh2 34.
Bg5 R8e2+ 35. Kf3 d3 36. Ra8+ Kh7 37. Ra1 Rxa1 38. Bd1 Rxd1 39. Be3 Rf1+ 40.
Ke4 d2 41. Kd4 d1=Q+ 42. Kc5 Qd6# 0-1

[Event "16ème Open des Vins du Médoc"]
[Site "Naujac sur Mer ; France"]
[Date "2013.07.02"]
[Round "3.1"]
[White "Das, Arghyadip"]
[Black "Marie, Maxime"]
[Result "1-0"]
[WhiteElo "2493"]
[BlackElo "2214"]
[PlyCount "71"]
[EventDate "2012.??.??"]

1. e4 c5 2. Nc3 Nc6 3. Bb5 Nf6 4. Nf3 Qc7 5. d3 Nd4 6. Ba4 a6 7. Nxd4 cxd4 8.
Ne2 e5 9. O-O b5 10. Bb3 d5 11. Bg5 dxe4 12. Bxf6 exd3 13. Bxe5 Qxe5 14. Re1
Be6 15. Ng3 Qd6 16. Qf3 Rc8 17. cxd3 Be7 18. Bxe6 fxe6 19. Nh5 Rf8 20. Nxg7+
Kd7 21. Qe4 Rc6 22. Rac1 Rfc8 23. Rxc6 Rxc6 24. Qxh7 Qe5 25. Kf1 Qg5 26. g3 Rc1
27. f4 Qg4 28. Rxc1 Qf3+ 29. Kg1 Qe3+ 30. Kg2 Qxc1 31. Qe4 Qxb2+ 32. Kh3 Qxa2
33. Qb7+ Kd8 34. Qc6 Bf6 35. Qe8+ Kc7 36. Qf7+ 1-0

[Event "16ème Open des Vins du Médoc"]
[Site "Naujac sur Mer ; France"]
[Date "2013.07.02"]
[Round "3.2"]
[White "Milchev, Nikolay"]
[Black "Armas, Lara-Maria"]
[Result "1-0"]
[WhiteElo "2433"]
[BlackElo "1941"]
[PlyCount "71"]
[EventDate "2012.??.??"]

1. Nf3 d5 2. c4 dxc4 3. Qa4+ Nd7 4. Qxc4 Ngf6 5. g3 e6 6. Bg2 Be7 7. Nc3 O-O 8.
a4 a6 9. Qb3 Rb8 10. O-O b6 11. d4 Bb7 12. Bf4 Nd5 13. Nxd5 Bxd5 14. Qd3 a5 15.
Rac1 Rc8 16. e4 Bb7 17. Rfd1 c5 18. d5 exd5 19. exd5 Bf6 20. b3 Re8 21. Bh3 Ra8
22. Re1 Rxe1+ 23. Rxe1 Nf8 24. d6 Bc8 25. Bg2 Bb7 26. g4 Ne6 27. Bg3 Bc6 28.
Ng5 Bxg5 29. Bxc6 Rc8 30. Be4 g6 31. d7 Rc7 32. f4 Bh4 33. f5 Bxg3 34. hxg3
gxf5 35. gxf5 Qg5 36. fxe6 1-0

[Event "16ème Open des Vins du Médoc"]
[Site "Naujac sur Mer ; France"]
[Date "2013.07.02"]
[Round "3.3"]
[White "Van Delft, Merijn"]
[Black "Kohler, Paul"]
[Result "1-0"]
[WhiteElo "2411"]
[BlackElo "1930"]
[PlyCount "81"]
[EventDate "2012.??.??"]

1. b3 d5 2. Bb2 Nf6 3. g3 Nc6 4. Nf3 Bg4 5. Bg2 e6 6. O-O Bd6 7. c4 Qe7 8. d4
dxc4 9. bxc4 Rd8 10. Qb3 Bxf3 11. Bxf3 Qd7 12. Qxb7 Rb8 13. Qxc6 Rxb2 14. Qa8+
Qd8 15. Bc6+ Nd7 16. Bxd7+ Kxd7 17. Qxa7 Qa8 18. Qxa8 Rxa8 19. c5 Be7 20. Nc3
Ra3 21. Rac1 e5 22. c6+ Ke6 23. dxe5 Kxe5 24. e3 Rb6 25. Rfd1 Rxc6 26. Nb5 Rxc1
27. Rxc1 Rxa2 28. Rxc7 Ke6 29. Nd4+ Kd6 30. Rb7 g6 31. Kf1 f5 32. h4 Ra6 33. h5
f4 34. gxf4 Bf6 35. Nf3 gxh5 36. Rxh7 Ra5 37. Kg2 Bd8 38. Ne5 Rxe5 39. fxe5+
Kxe5 40. Rxh5+ Ke4 41. Kf1 1-0

[Event "16ème Open des Vins du Médoc"]
[Site "Naujac sur Mer ; France"]
[Date "2013.07.02"]
[Round "3.4"]
[White "Collas, Didier"]
[Black "L'Hospital, Philippe"]
[Result "1-0"]
[WhiteElo "2394"]
[BlackElo "1922"]
[PlyCount "61"]
[EventDate "2012.??.??"]

1. e4 d6 2. d4 Nf6 3. Nc3 Nbd7 4. g4 h6 5. h3 e5 6. Nge2 c6 7. a4 Qa5 8. Bg2 b5
9. b4 Qxb4 10. axb5 cxb5 11. Rb1 Qa5 12. Rxb5 Qc7 13. O-O Be7 14. Rb3 a6 15.
Ng3 Rb8 16. Qd3 O-O 17. Nf5 Re8 18. Nxe7+ Rxe7 19. Ba3 Rxb3 20. cxb3 Re8 21.
Rc1 Qb6 22. Na4 Qb8 23. Rc6 exd4 24. Rxd6 Ne5 25. Qd1 Be6 26. Nb6 d3 27. f4
Ned7 28. Nxd7 Nxd7 29. Qxd3 Qa7+ 30. Qd4 Qb7 31. f5 1-0

[Event "16ème Open des Vins du Médoc"]
[Site "Naujac sur Mer ; France"]
[Date "2013.07.02"]
[Round "3.5"]
[White "Gonzalez Santamartin, Jorge"]
[Black "Zaragatski, Ilja"]
[Result "0-1"]
[WhiteElo "1844"]
[BlackElo "2486"]
[PlyCount "78"]
[EventDate "2012.??.??"]

1. e4 Nf6 2. e5 Nd5 3. d4 Nb6 4. c4 d6 5. exd6 cxd6 6. Nc3 g6 7. Be3 Bg7 8. Rc1
O-O 9. b3 Bf5 10. Nf3 d5 11. c5 Nc8 12. Be2 Bg4 13. O-O Nc6 14. b4 e6 15. b5
Na5 16. h3 Bxf3 17. Bxf3 Nc4 18. Be2 Nxe3 19. fxe3 Qg5 20. Qd3 Ne7 21. e4 dxe4
22. Nxe4 Qh4 23. Rcd1 Nf5 24. Rxf5 gxf5 25. Nd6 Rad8 26. Bf3 b6 27. Bc6 Bf6 28.
Kh1 Be7 29. Nb7 Bxc5 30. Nxd8 Rxd8 31. d5 Qf4 32. Rf1 Qe5 33. Qd2 Be3 34. Qd3
f4 35. Rd1 Rd6 36. a4 f3 37. gxf3 exd5 38. Bxd5 Qg3 39. Qf5 Rxd5 0-1

[Event "16ème Open des Vins du Médoc"]
[Site "Naujac sur Mer ; France"]
[Date "2013.07.02"]
[Round "3.6"]
[White "Zobel, Andrej"]
[Black "Velten, Paul"]
[Result "0-1"]
[WhiteElo "2035"]
[BlackElo "2422"]
[PlyCount "36"]
[EventDate "2012.??.??"]

1. d4 d5 2. Nf3 Nf6 3. c4 dxc4 4. e3 Bg4 5. Bxc4 e6 6. Nc3 Nc6 7. Bb5 Bb4 8.
Qa4 Bxc3+ 9. bxc3 Bxf3 10. gxf3 O-O 11. Bxc6 bxc6 12. Ba3 Re8 13. Qxc6 Rb8 14.
O-O Rb6 15. Qc4 Nd5 16. Kh1 Qh4 17. Qe2 Nxc3 18. Qc2 Qh3 0-1

[Event "16ème Open des Vins du Médoc"]
[Site "Naujac sur Mer ; France"]
[Date "2013.07.02"]
[Round "3.7"]
[White "Lapeyre, Pierre"]
[Black "Mladenov, Plamen"]
[Result "0-1"]
[WhiteElo "2033"]
[BlackElo "2405"]
[PlyCount "80"]
[EventDate "2012.??.??"]

1. f4 d5 2. Nf3 Bg4 3. e3 Nd7 4. h3 Bxf3 5. Qxf3 c6 6. d4 f5 7. Bd3 e6 8. g4 g6
9. g5 h5 10. O-O Ne7 11. c4 Nc8 12. a3 Nd6 13. Nd2 a5 14. b3 Ne4 15. Qg2 Bg7
16. Nf3 O-O 17. Bb2 Qb6 18. Qc2 c5 19. Rab1 cxd4 20. exd4 Rac8 21. Kg2 a4 22.
c5 axb3 23. Qd1 Qc7 24. Nd2 b6 25. c6 Nb8 26. Rc1 Qd6 27. Nxb3 Rxc6 28. Bb5
Rcc8 29. Rc2 Nc6 30. Qc1 Na7 31. Bd3 Rxc2+ 32. Qxc2 Rc8 33. Qe2 Rc7 34. Nd2 Nc6
35. Nb3 Na5 36. Nd2 b5 37. Nxe4 fxe4 38. Bxb5 Nc4 39. Be8 Kh7 40. Kh1 Qb6 0-1

[Event "16ème Open des Vins du Médoc"]
[Site "Naujac sur Mer ; France"]
[Date "2013.07.02"]
[Round "3.8"]
[White "Godard, Maxence"]
[Black "Tholey, Jean-Paul"]
[Result "1-0"]
[WhiteElo "2348"]
[BlackElo "1917"]
[PlyCount "29"]
[EventDate "2012.??.??"]

1. d4 Nf6 2. Nf3 d5 3. c4 dxc4 4. Nc3 Bg4 5. Ne5 Bf5 6. f3 e6 7. e4 Bg6 8. Bxc4
Nbd7 9. Nxg6 hxg6 10. Be3 c5 11. Qb3 cxd4 12. Bxd4 Nb6 13. Bb5+ Nfd7 14. Rd1
Qc7 15. Bxb6 1-0